00541nam a2200169Ia 4500003000400000008004100004040001600045082002300061100003700084245007600121260004700197300001000244490004200254650001900296650002600315650003000341GCL140319s9999 xx 000 0 ara d aGCL / cGCL04aطb813.087bد ق1 aدار الكتاب المصرى10aجحا والحصان الغريب / cدار الكتاب المصرى a[S.N] : bدار الكتاب المصرى a15 ص aقصص عالمية للاطفالv004aالاطفال04aقصص الاطفال04aالقصص الشعبية